000 00394nam a2200157Ia 4500
003 Ost
005 20260225132559.0
008 260225s9999||||xx |||||||||||||| ||und||
040 _cfsic
041 _afre
082 _a302.23
100 _aMarie - France Desjeux
_eAuteur
245 0 _aGuide pratique de la communication scientifique /
245 0 _cMarie - France Desjeux
942 _cكتاب
999 _c34652
_d34652